Севильский слепец: [роман]; пер. с англ.

Dades bibliogràfiques
Autor principal: Уилсон Р. Роберт
Sumari:Рауль Хименес, известный и состоятельный человек, найден замученным до смерти у себя дома. По увечьям, которые нанес себе сам Хименес, можно догадаться, что он отчаянно рвался, пытаясь отвернуться от экрана телевизора, перед которым привязал его истязатель. В довершение ужаса, у него были удалены веки. Детектив Хавьер Фалькон, человек отнюдь не впечатлительный, глубоко потрясен этим зрелищем и начинает испытывать трепет перед убийцей, способным с помощью зрительных образов так искусно играть на нервах своей жертвы.
Idioma:rus
Publicat: Москва, Иностранка, 2007
Col·lecció:Лекарство от скуки
Matèries:
Format: MixedMaterials Llibre
KOHA link:https://koha.lib.tpu.ru/cgi-bin/koha/opac-detail.pl?biblionumber=124794

MARC

LEADER 00000nam0a2200000 4500
001 124794
005 20231031131125.0
010 |a 9785941454372 
035 |a (RuTPU)RU\TPU\book\135049 
090 |a 124794 
100 |a 20071107d2007 m y0rusy50 ca 
101 1 |a rus  |c eng 
102 |a RU 
105 |a y z 000ay 
200 1 |a Севильский слепец  |e [роман]  |e пер. с англ.  |f Р. Уилсон 
210 |a Москва  |c Иностранка  |d 2007 
215 |a 688 с. 
225 1 |a Лекарство от скуки 
330 |a Рауль Хименес, известный и состоятельный человек, найден замученным до смерти у себя дома. По увечьям, которые нанес себе сам Хименес, можно догадаться, что он отчаянно рвался, пытаясь отвернуться от экрана телевизора, перед которым привязал его истязатель. В довершение ужаса, у него были удалены веки. Детектив Хавьер Фалькон, человек отнюдь не впечатлительный, глубоко потрясен этим зрелищем и начинает испытывать трепет перед убийцей, способным с помощью зрительных образов так искусно играть на нервах своей жертвы. 
610 1 |a английская литература 
610 1 |a романы 
610 1 |a детективы 
675 |a 82  |v 3 
700 1 |a Уилсон  |b Р.  |g Роберт 
801 1 |a RU  |b 63413507  |c 20071107  |g PSBO 
801 2 |a RU  |b 63413507  |c 20080416  |g PSBO 
942 |c BK 
959 |a 78/20071106  |d 1  |e 261,80  |f ХФ:1